Islam and secularism in Turkey : Kemalism, religion and the nation state /

Kemal Ataturk's Republic of Turkey was set up in 1923 as a secular state, sweeping political, social, cultural and religious reforms followed. Islam was no longer the official religion of the state, the Sultanate was abolished and all Turkish citizens were declared equal without reference to re...

Full description

Bibliographic Details
Main Author: Azak, Umut (Author)
Format: eBook
Language:English
Published: London ; New York : New York : I.B. Tauris ; Distributed in the USA by Palgrave Macmillan, 2010.
Series:International library of twentieth century history ; 27.
Subjects:
Online Access:Connect to the full text of this electronic book

MARC

Tag First Indicator Second Indicator Subfields
LEADER 00000cam a2200000 i 4500
001 in00005617536
006 m o d
007 cr cnu---unuuu
008 101025s2010 enka ob 001 0 eng d
005 20250218182630.0
035 |a (OCoLC)ocn671655099 
040 |a N$T  |b eng  |e rda  |e pn  |c N$T  |d CDX  |d YDXCP  |d E7B  |d OCLCQ  |d UKMGB  |d OCLCQ  |d CBT  |d GPM  |d OCLCQ  |d DKDLA  |d OCLCQ  |d OCLCF  |d OCLCO  |d EBLCP  |d MERUC  |d DEBSZ  |d AU@  |d OCLCQ  |d COO  |d OCLCQ  |d OCL  |d AZK  |d LOA  |d OCLCO  |d JBG  |d OCLCA  |d COCUF  |d AGLDB  |d MOR  |d PIFAR  |d PIFAG  |d ZCU  |d OCLCQ  |d OCLCO  |d WY@  |d CSAIL  |d U3W  |d LUE  |d OCLCA  |d OCLCQ  |d OCLCO  |d NOC  |d OCLCA  |d UKAHL  |d OCLCQ  |d BLOOM  |d BOL  |d OCLCQ  |d OCLCO  |d OCLCQ  |d OCLCO  |d OCLCL 
015 |a GBB979695  |2 bnb 
016 7 |a 019371188  |2 Uk 
016 7 |z 015366869  |2 Uk 
019 |a 682282771  |a 710975498  |a 752269203  |a 764546333  |a 961532380  |a 962575702  |a 966136704  |a 988487043  |a 991955844  |a 1114407114 
020 |a 9781441676610  |q (electronic bk.) 
020 |a 1441676619  |q (electronic bk.) 
020 |a 9780857713773 
020 |a 0857713779 
020 |z 9781848852631 
020 |z 1848852630 
024 8 |a 9786612881701 
024 8 |a 3607776 
035 |a (OCoLC)671655099  |z (OCoLC)682282771  |z (OCoLC)710975498  |z (OCoLC)752269203  |z (OCoLC)764546333  |z (OCoLC)961532380  |z (OCoLC)962575702  |z (OCoLC)966136704  |z (OCoLC)988487043  |z (OCoLC)991955844  |z (OCoLC)1114407114 
037 |a 288170  |b MIL 
043 |a a-tu--- 
050 4 |a DR590  |b .A97 2010eb 
072 7 |a POL  |x 043000  |2 bisacsh 
082 0 4 |a 322.1095610904  |2 22 
084 |a BE 8607  |2 rvk 
084 |a BE 8660  |2 rvk 
084 |a EH 5415  |2 rvk 
084 |a LB 46340  |2 rvk 
084 |a MH 62086  |2 rvk 
084 |a MH 62270  |2 rvk 
049 |a TXAM 
100 1 |a Azak, Umut,  |e author. 
245 1 0 |a Islam and secularism in Turkey :  |b Kemalism, religion and the nation state /  |c Umut Azak. 
264 1 |a London ;  |a New York :  |b I.B. Tauris ;  |a New York :  |b Distributed in the USA by Palgrave Macmillan,  |c 2010. 
300 |a 1 online resource (xv, 234 pages) :  |b illustrations 
336 |a text  |b txt  |2 rdacontent 
337 |a computer  |b c  |2 rdamedia 
338 |a online resource  |b cr  |2 rdacarrier 
340 |g polychrome.  |2 rdacc  |0 http://rdaregistry.info/termList/RDAColourContent/1003 
347 |a text file  |2 rdaft  |0 http://rdaregistry.info/termList/fileType/1002 
490 1 |a International library of twentieth century history ;  |v 27 
504 |a Includes bibliographical references (pages 213-229) and index. 
505 0 |a Reactionary Islam: the Menemen Incident (1930) -- Turkish Islam: the reform of Turkish Ezan (1932-33) -- Turkish Islam contested: the Ezan debate and secularism (1950) -- Reactionary Islam as violent threat: the Malatya Incident (1952) -- Reactionary Islam as creeping threat: Said Nursi and his disciples (1959-60) -- Turkish Islam reappropriated: Alevism in alliance with Kemalism (1966) -- Conclusion. 
588 0 |a Print version record. 
520 |a Kemal Ataturk's Republic of Turkey was set up in 1923 as a secular state, sweeping political, social, cultural and religious reforms followed. Islam was no longer the official religion of the state, the Sultanate was abolished and all Turkish citizens were declared equal without reference to religion. But though, in Azak's phrase, 'secularism was the central tenet of Kemalism', fear of a resurgent, even fanatical, Islam, continued to haunt the state. Azak's revisionist and original study sets out the struggle between religion and secularism but shows how Ataturk laboured for an idealised 'Turk. 
600 1 0 |a Atatürk, Kemal,  |d 1881-1938  |x Influence. 
600 1 7 |a Atatürk, Kemal,  |d 1881-1938  |2 fast  |1 https://id.oclc.org/worldcat/entity/E39PBJbM3MwvtpghxYTM9MpF8C 
650 0 |a Kemalism. 
650 0 |a Islam  |z Turkey. 
650 0 |a Islam and secularism  |z Turkey. 
650 0 |a Islam and politics  |z Turkey. 
651 0 |a Turkey  |x History  |y 1918-1960. 
651 0 |a Turkey  |x Religion  |y 20th century. 
650 6 |a Kemalisme. 
651 6 |a Turquie  |x Histoire  |y 1918-1960. 
651 6 |a Asie Mineure  |x Religion  |y 20e siècle. 
650 7 |a 20th century history: c 1900 to c 2000.  |2 bic 
650 7 |a POLITICAL SCIENCE  |x Political Process  |x Political Advocacy.  |2 bisacsh 
650 7 |a Influence (Literary, artistic, etc.)  |2 fast 
650 7 |a Islam  |2 fast 
650 7 |a Islam and politics  |2 fast 
650 7 |a Islam and secularism  |2 fast 
650 7 |a Kemalism  |2 fast 
650 7 |a Religion  |2 fast 
651 7 |a Turkey  |2 fast  |1 https://id.oclc.org/worldcat/entity/E39PBJxmHG9jJjCTM3y4pFRqcP 
650 7 |a Säkularismus  |2 gnd 
650 7 |a Islam  |2 gnd 
650 7 |a Kemalismus  |2 gnd 
651 7 |a Türkei  |2 gnd 
648 7 |a 1900-1999  |2 fast 
648 7 |a Geschichte 1930-1966.  |2 swd 
655 7 |a Electronic books.  |2 local 
655 7 |a History  |2 fast 
758 |i has work:  |a Islam and secularism in Turkey (Text)  |1 https://id.oclc.org/worldcat/entity/E39PCGWrTxq4cFcpC8HtTX6GwP  |4 https://id.oclc.org/worldcat/ontology/hasWork 
776 0 8 |i Print version:  |a Azak, Umut.  |t Islam and secularism in Turkey.  |d London ; New York : I.B. Tauris ; New York : Distributed in the USA by Palgrave Macmillan, 2010  |z 9781848852631  |w (DLC) 2010281246  |w (OCoLC)436265558 
830 0 |a International library of twentieth century history ;  |v 27. 
856 4 0 |u http://proxy.library.tamu.edu/login?url=https://doi.org/10.5040/9780755610730?locatt=label:secondary_bloomsburyCollections  |z Connect to the full text of this electronic book  |t 0 
955 |a Bloosmbury Open Access 
994 |a 92  |b TXA 
999 f f |s 4232187f-b70d-479d-ac59-537e4025e3c3  |i b811f091-070e-483a-8ca3-af6df7647fdb  |t 0 
952 f f |a Texas A&M University  |b College Station  |c Electronic Resources  |d Available Online  |t 0  |e DR590 .A97 2010eb  |h Library of Congress classification 
998 f f |a DR590 .A97 2010eb  |t 0  |l Available Online